MARC details
| 000 -CABECERA |
| campo de control de longitud fija |
02637nam a2200301 4500 |
| 003 - IDENTIFICADOR DEL NÚMERO DE CONTROL |
| campo de control |
EC-UNACH |
| 005 - FECHA Y HORA DE LA ÚLTIMA TRANSACCIÓN |
| campo de control |
20251021125550.0 |
| 006 - CÓDIGOS DE INFORMACIÓN DE LONGITUD FIJA--CARACTERÍSTICAS DEL MATERIAL ADICIONAL |
| campo de control de longitud fija |
s||||gr|||| 00| 00 |
| 008 - DATOS DE LONGITUD FIJA--INFORMACIÓN GENERAL |
| campo de control de longitud fija |
150116t9999 mx r gr 000 0 spa d |
| 020 ## - NÚMERO INTERNACIONAL ESTÁNDAR DEL LIBRO |
| Número Internacional Estándar del Libro |
978-9942-21-650-2 |
| 040 ## - FUENTE DE LA CATALOGACIÓN |
| Centro catalogador/agencia de origen |
EC-UNACH |
| Centro/agencia transcriptor |
EC-UNACH |
| 041 ## - CÓDIGO DE LENGUA |
| Código de lengua del texto/banda sonora o título independiente |
spa |
| 082 04 - NÚMERO DE LA CLASIFICACIÓN DECIMAL DEWEY |
| Número de edición |
23 |
| Número de clasificación |
630.2 |
| Número de documento/Ítem |
L017840 |
| 110 ## - ENTRADA PRINCIPAL--NOMBRE DE ENTIDAD CORPORATIVA |
| Nombre de entidad corporativa o nombre de jurisdicción como elemento de entrada |
ESPOCH |
| 245 ## - MENCIÓN DE TÍTULO |
| Título |
Los proyectos de inversión agropecuaria en un agroecosistema sostenible |
| 250 ## - MENCIÓN DE EDICIÓN |
| Mención de edición |
Primera edición |
| 264 ## - Producción, publicación, distribución, fabricación y copyright |
| Lugar de producción, publicación, distribución, fabricación |
Riobamba - Ecuador |
| Nombre del de productor, editor, distribuidor, fabricante |
ESPOCH |
| Fecha de de producción, publicación, distribución, fabricación o copyright |
2015 |
| 300 ## - DESCRIPCIÓN FÍSICA |
| Extensión |
107 páginas |
| Otras características físicas |
Tablas, Gráficos, Cuadros |
| 505 ## - NOTA DE CONTENIDO CON FORMATO |
| Nota de contenido con formato |
TOMO 1. A. Los proyectos de inversión como opción para el desarrollo 1. Introducción. -- Evaluación financiera. -- Evaluación económica 2. Desarrollo socio económico agropecuario del país 3. Plan, programa y proyecto. – Plan. –Programa. -- Proyecto 4. Tipos de proyectos. -- De comercio local. -- Proyectos de importación. -- Proyectos de exportación. --Proyectos industriales. -- Proyectos de construcción. -- Proyectos agropecuarios. -- Proyectos del sector público. -- Proyectos sociales. -- 5. Protocolo o criterios para la elaboración de proyectos. -- 6. Idea, perfiles, factibilidad. -- 7. Componentes de un proyecto. -- 8. La sostenibilidad en los agro sistemas productivos -- El diagnóstico -- El estudio de mercado. -- B. El diagnóstico 1. Diagnóstico estratégico situacional con enfoque del sistema de producción. -- 2. El muestreo. -- 3. Tipos de muestreo. -- C. Estudio de mercado 1. Caracterización del consumidor. -- 2. Análisis de la manada. -- 3. Análisis de la oferta. -- 4. Segmentación de mercado. -- 5. El precio. -- 6. Otros conceptos. -- 7. Estudio de mercadeo o comercialización. -- 8. Establecimiento de una política de mercadeo para un proyecto. -- 9. Otros conceptos importantes. -- TOMO II. D. Conceptos generales de la ingeniería económica. -- E. Análisis contable de la empresa agropecuaria. -- F. Depreciación. -- G. Tamaño y localización de un proyecto. -- H. Ingeniería del proyecto. -- I. Análisis de costos e inversiones. -- F. Financiamiento. -- K. ¿Cómo determinar un programa de ingreso para un proyecto? -- L. Análisis económico de un proyecto M. -- Evaluación financiera de un proyecto N. -- Análisis de sensibilidad. |
| 650 ## - PUNTO DE ACCESO ADICIONAL DE MATERIA--TÉRMINO DE MATERIA |
| Término de materia o nombre geográfico como elemento inicial |
AGROECOSISTEMA SOSTENIBLE |
| 650 ## - PUNTO DE ACCESO ADICIONAL DE MATERIA--TÉRMINO DE MATERIA |
| Término de materia o nombre geográfico como elemento inicial |
PROYECTOS DE INVERSION AGROPECUARIA |
| 650 ## - PUNTO DE ACCESO ADICIONAL DE MATERIA--TÉRMINO DE MATERIA |
| Término de materia o nombre geográfico como elemento inicial |
SOSTENIBILIDAD AGROECOLOGICA |
| 700 ## - PUNTO DE ACCESO ADICIONAL--NOMBRE DE PERSONA |
| Nombre de persona |
Moscoso Gómez, Marcelo E |
| 942 ## - ELEMENTOS DE PUNTO DE ACCESO ADICIONAL (KOHA) |
| Fuente del sistema de clasificación o colocación |
Clasificación Decimal Dewey |
| Tipo de ítem Koha |
Libros |
| 999 ## - NÚMEROS DE CONTROL DE SISTEMA (KOHA) |
| Koha biblionumber |
14052 |